000 00580cam a2200241ua 4500
020 _cRs.60 (PB)
041 _aeng
_h
082 _a658.3
_bTRI/PE
100 _aThripati, .
_95939
245 _aPersonal management and industrial relations
250 _a10 /
_b.
260 _aNew Delhi :
_bS.Chand & Sons ,
_c1995.
300 _a524 ; .
365 _aRs.60
504 _a
650 _aHuman resource development
_95940
650 _aIndustrial organization
_95941
650 _aManagement
_92110
942 _cBK
999 _c28
_d28
003 @
003 OSt